000 00603nam a2200193 i 4500
001 30195
003 ES-MaACL
005 20230906154144.0
007 t|
008 030123s1970 sp ||||1| spa d
100 1 _aBarral, Jean.
_925838
245 1 0 _aEspionaje industrial
_b: los nuevos parásitos /
_cJean Barral, George Langelan ; [traducción de Antonio G. Valiente].
250 _a[1ª ed.].
260 _a[Barcelona] :
_bAymá,
_c[1970]
300 _a199 p. ;
_c20 cm.
700 1 _aLangelan, George.
_970028
700 1 _aValiente, Antonio G.
_9112693
852 _aES-MaACL
_jC-47026
_bR.75991
999 _c30195
_d30195